| Tag |
First Indicator |
Second Indicator |
Subfields |
| LEADER |
00000cam a22000001a 4500 |
| 001 |
in00003168721 |
| 006 |
m d f |
| 007 |
cr bn mmmapmmp |
| 008 |
090617s1944 dcu o f000 0 eng d |
| 005 |
20260504205043.3 |
| 035 |
|
|
|a cis2007417075
|
| 040 |
|
|
|a UMI
|c UMI
|d UtOrBLW
|
| 043 |
|
|
|a n-us---
|
| 086 |
0 |
|
|a Y 4.M 59/2:Su 7/2/pt.2
|
| 099 |
|
|
|a HRG-1944-MAS-0042
|
| 110 |
1 |
|
|a United States.
|b Congress.
|b Senate.
|b Committee on Military Affairs.
|
| 245 |
1 |
0 |
|a Surplus Property Board Nominations.
|n Part 2 :
|b hearings before the United States Senate Committee on Military Affairs, Seventy-Eighth Congress, second session, on Dec. 11-13, 1944.
|
| 264 |
|
1 |
|a Washington :
|b U.S. G.P.O.,
|c 1944.
|
| 300 |
|
|
|a 1 online resource.
|
| 336 |
|
|
|a text
|b txt
|2 rdacontent
|
| 337 |
|
|
|a computer
|b c
|2 rdamedia
|
| 338 |
|
|
|a online resource
|b cr
|2 rdacarrier
|
| 500 |
|
|
|a Record is based on bibliographic data in ProQuest Congressional Hearings Digital Collection. Reuse except for individual research requires license from ProQuest, LLC.
|
| 538 |
|
|
|a System requirements: PDF reader software.
|
| 500 |
|
|
|a Electronic resource.
|
| 600 |
1 |
0 |
|a Hurley, Robert A.
|q (Robert Augustine),
|d 1895-1968.
|
| 600 |
1 |
0 |
|a Heller, Edward.
|
| 610 |
1 |
0 |
|a United States.
|b Surplus Property Board
|x Officials and employees
|x Selection and appointment.
|
| 655 |
|
7 |
|a Electronic books.
|2 local
|
| 710 |
2 |
|
|a ProQuest (Firm)
|
| 776 |
0 |
8 |
|i Print version:
|a United States. Congress. Senate. Committee on Military Affairs.
|t Surplus Property Board Nominations
|
| 776 |
0 |
8 |
|i Microfiche version:
|a United States. Congress. Senate. Committee on Military Affairs.
|t Surplus Property Board Nominations.
|d [Bethesda, Md.] : ProQuest,[2004]
|o CIS Hrgs MF Gp 3--(78) S744-4-B
|w (ProQuest)cis10406181
|
| 830 |
|
0 |
|a U.S. Congressional Hearings.
|
| 856 |
4 |
0 |
|u http://proxy.library.tamu.edu/login?url=https://congressional.proquest.com/congcomp/getdoc?HEARING-ID=HRG-1944-MAS-0042
|z Connect to the full text of this electronic book
|t 0
|
| 998 |
|
|
|a cis10406181
|
| 999 |
|
|
|a MARS
|
| 999 |
f |
f |
|s 9dfb2909-03f8-385d-85b3-6e67c1095084
|i 50598cb6-07ab-3979-8be1-ea39fb65a22d
|t 0
|
| 952 |
f |
f |
|a Texas A&M University
|b College Station
|c Electronic Resources
|s www_evans
|d Available Online
|t 0
|e HRG-1944-MAS-0042
|h Other scheme
|
| 998 |
f |
f |
|a HRG-1944-MAS-0042
|t 0
|l Available Online
|